Weed control: A textbook and manual (Record no. 21182)

MARC details
000 -LEADER
fixed length control field 00478nam a2200169Ia 4500
082 ## - DEWEY DECIMAL CLASSIFICATION NUMBER
Classification number 632.51:631.348.4
Item number CRA;2
100 ## - MAIN ENTRY--AUTHOR NAME
Personal name Craftsm, Alden S
245 #0 - TITLE STATEMENT
Title Weed control: A textbook and manual
250 ## - EDITION STATEMENT
Edition statement Ed.3
260 ## - PUBLICATION, DISTRIBUTION, ETC. (IMPRINT)
Place of publication New York
Name of publisher McGraw Hill
Year of publication 1962
490 ## - SERIES STATEMENT
Series statement McGraw Hill publcations in the agricultural sciences
650 ## - SUBJECT ADDED ENTRY--TOPICAL TERM
Topical Term Herbicides
650 ## - SUBJECT ADDED ENTRY--TOPICAL TERM
Topical Term Weed control
700 ## - ADDED ENTRY--PERSONAL NAME
Personal name Robbins, Wilfred W
942 ## - ADDED ENTRY ELEMENTS (KOHA)
Koha item type Books
Holdings
Withdrawn status Lost status Damaged status Not for loan Home library Current library Date acquired Full call number Accession Number Koha item type
        RRII Library RRII Library 16/12/2021 632.51:631.348.4 CRA;2 01902 Books